आदर्श जीवन कैसे जियें / (Record no. 119787)

MARC details
000 -LEADER
fixed length control field 01089nam a22002537a 4500
005 - DATE AND TIME OF LATEST TRANSACTION
control field 20181116131713.0
010 ## - LCCN (DPL NO)
LC control number B-158166, B-141325
020 ## - INTERNATIONAL STANDARD BOOK NUMBER
Terms of availability 150.00
International Standard Book Number 8179000303
035 ## - SYSTEM CONTROL NUMBER
System control number B-158166, B-141325
037 ## - SOURCE OF ACQUISITION
Source of stock number/acquisition Cen Lib/Ret
082 ## - DEWEY DECIMAL CLASSIFICATION NUMBER
Classification number 158.1
Item number शर्माप
100 ## - MAIN ENTRY--PERSONAL NAME
Personal name शर्मा, पवित्र कुमार
245 ## - TITLE STATEMENT
Title आदर्श जीवन कैसे जियें /
Statement of responsibility, etc पवित्र कुमार शर्मा
246 ## - VARYING FORM OF TITLE
Title proper/short title Adarsh jeevan kaise jiyen /
Remainder of title by Pavitra Kumar Sharma
260 ## - PUBLICATION, DISTRIBUTION, ETC. (IMPRINT)
Place of publication, distribution, etc नयी दिल्ली
Name of publisher, distributor, etc एम.एन. पब्लिशर्स
Date of publication, distribution, etc 2004
270 ## - ADDRESS
City नयी दिल्ली
Address W-112, ग्रेटर कैलाश
Postal code 110048
300 ## - PHYSICAL DESCRIPTION
Extent 143पृ.
Dimensions 19सेमी(सजिल्द )
650 ## - SUBJECT ADDED ENTRY--TOPICAL TERM
Topical term or geographic name as entry element आदर्श जीवन
General subdivision
Geographic subdivision
650 ## - SUBJECT ADDED ENTRY--TOPICAL TERM
Topical term or geographic name as entry element शिष्टाचार--अध्ययन
650 ## - SUBJECT ADDED ENTRY--TOPICAL TERM
Topical term or geographic name as entry element Ideal Life
650 ## - SUBJECT ADDED ENTRY--TOPICAL TERM
Topical term or geographic name as entry element Etiquette - study
942 ## - ADDED ENTRY ELEMENTS (KOHA)
Source of classification or shelving scheme Dewey Decimal Classification
Item type Hindi Books
Classification part 158.1
Call number suffix शर्माप
Holdings
Withdrawn status Lost status Not for loan Home library Current library Date acquired Source of acquisition Cost, normal purchase price Full call number Barcode Copy number Cost, replacement price Koha item type Collection code
      Central Library Central Library 18/09/2015 Cen Lib/Ref 150.00 158.1 शर्माप B-158166 1 150.00 Hindi Books  
      R.C.Libraries (zls) R.C.Libraries (zls) 16/11/2018   150.00 158.1 शर्माप B-141325 1. 150.00 Hindi Books Non-fiction

© Delhi Public Library
Hit Counter
free hit counter